Roget's International Thesaurus: (Record no. 954)

000 -LEADER
fixed length control field 00863nam a2200193 a 4500
001 - CONTROL NUMBER
control field :::00014133$&:&@@
003 - CONTROL NUMBER IDENTIFIER
control field OkBaRHE
005 - DATE AND TIME OF LATEST TRANSACTION
control field 20100325145456.0
008 - FIXED-LENGTH DATA ELEMENTS--GENERAL INFORMATION
fixed length control field s1977 j 000 0 eng u
040 ## - CATALOGING SOURCE
Transcribing agency
100 1# - MAIN ENTRY--PERSONAL NAME
Personal name Chapman, Robert L.,
245 10 - TITLE STATEMENT
Title Roget's International Thesaurus:
Remainder of title based on Thesaurus of English words and phrases, by P. M. Roget. A complete book of synonyms and antonyms founded upon and embodying Roget's original work with numerous additions and modernizations.
260 ## - PUBLICATION, DISTRIBUTION, ETC. (IMPRINT)
Place of publication, distribution, etc New York, NY., :
Name of publisher, distributor, etc Thomas Crowell Company
Date of publication, distribution, etc 1977
300 ## - PHYSICAL DESCRIPTION
Extent 1317 p. ;
Dimensions 24 cm.
650 ## - SUBJECT ADDED ENTRY--TOPICAL TERM
Topical term or geographic name as entry element English language
General subdivision Synonyms and antonyms.
650 ## - SUBJECT ADDED ENTRY--TOPICAL TERM
Topical term or geographic name as entry element Roget, Peter Mark, 1779-1869. Thesaurus of English Words and phrases.
942 ## - ADDED ENTRY ELEMENTS (KOHA)
Source of classification or shelving scheme
Koha item type Books
Copies
Shelving location Withdrawn status Copy number Permanent Location Lost status Damaged status Date acquired Barcode Price effective from Collection code Not for loan Source of classification or shelving scheme Full call number Date last seen Koha item type
General Stacks 1RHEMA Bible Training College  2010-04-14141332010-04-14Reference  PE 1591 .R732010-04-14Books